000 00267nam a2200109Ia 4500
008 200302s9999 xx 000 0 und d
100 _aAlec Clifton -Taylor
245 _aThe Cathedrals of England
260 _bThames and Hudson Ltd.
260 _c1967
300 _a288 P.,
999 _c149
_d149